El retrato moral del General Joaquín Crespo / (Record no. 156996)

MARC details
000 -LEADER
campo de control de longitud fija 00687nam a22001935i 4500
001 - NÚMERO DE CONTROL
campo de control 156996
003 - IDENTIFICADOR DE NÚMERO DE CONTROL
campo de control ES-MaACL
005 - FECHA Y HORA DE LA ÚLTIMA TRANSACCIÓN
campo de control 20230906210543.0
008 - DATOS DE LONGITUD FIJA--INFORMACIÓN GENERAL
campo de control de longitud fija 990121s1893 ve |||| | spa d
040 ## - FUENTE DE CATALOGACIÓN
Centro catalogador/agencia de origen CCPB | B
Lengua de catalogación spa
Centro/agencia transcriptor CCPB | B
100 1# - ENTRADA PRINCIPAL--NOMBRE DE PERSONA
Nombre de persona Landaeta Rosales, Manuel.
9 (RLIN) 128652
245 13 - MENCIÓN DEL TÍTULO
Título El retrato moral del General Joaquín Crespo /
Mención de responsabilidad, etc. [Manuel Landaeta Rosales].
260 ## - PUBLICACIÓN, DISTRIBUCIÓN, ETC.
Lugar de publicación, distribución, etc. [S.l. :
Nombre del editor, distribuidor, etc. s.n.,
Fecha de publicación, distribución, etc. s.a.] (
Fabricante Imprenta Bolívar)
300 ## - DESCRIPCIÓN FÍSICA
Extensión 6 p. ;
Dimensiones 22 cm.
594 #1 - Nota al título y mención de responsabilidad
Nota al título y mención de responsabilidad Autor consta en fin de texto.
596 #1 - NOTA AL PIE DE IMPRENTA
NOTA AL PIE DE IMPRENTA Texto fechado en Caracas, 4 de julio de 1893.
600 14 - PUNTO DE ACCESO ADICIONAL DE MATERIA--NOMBRE DE PERSONA
Nombre de persona Crespo, Joaquín-
Subdivisión de forma Biografías.
9 (RLIN) 126638
852 ## - LOCALIZACIÓN
Ubicación ES-MaACL
Número de control de estantería T-814-F-7
Nota libre -- Enc. en un vol. facticio
Holdings
Estatus retirado Estado de pérdida Estado de daño No para préstamo Colección Biblioteca de origen Biblioteca actual Ubicación en estantería Fecha de adquisición Total de préstamos Signatura topográfica completa Código de barras Visto por última vez Precio de reemplazo Tipo de ítem Koha
        Colección de folletos Biblioteca del Ateneo de Madrid Biblioteca del Ateneo de Madrid Depósito folletos 17/01/2008   T-814-F-7 1164262 23/02/2023 23/02/2023 Folleto